000 00295nam a22001337a 4500
008 170629b xxu||||| |||| 00| 0 eng d
020 _a2900205655150
041 _aeng
080 _a82
100 _a22
101 _aGJL
245 _aPOTERY/ A POCKET ANTHOLOGY
_cGWYNN, R.S
942 _2udc
_cBK
999 _c19559
_d19559